Дневник сумасшедшего. Четвертая скрижаль завета (Запис № 461071)

МАРК-запис
000 -Лідер
fixed length control field 03107 a2200241 4500
003 - Ідентифікатор контрольного номера
control field UA-OsUOA
005 - Дата та час останнього входження (трансакції)
control field 20200831144415.0
008 - Елементи даних фіксованої довжини – загальна інформація
fixed length control field 200818b un ||||| |||| 00| 0 rus d
020 ## - Міжнародний стандартний книжковий номер (ISBN)
Міжнародний стандартний книжковий номер (ISBN) (НП) 5765437745
040 ## - Джерело каталогізації
Агенція оригінальної каталогізації UA-OsUOA
Мова каталогізації ukr
Агенція, яка здійснювала перезапис UA-OsUOA
Агенція, яка здійснювала модифікацію UA-OsUOA
041 ## - Код мови
Код мови тексту/ звукової доріжки чи окремого заголовка (П) rus
080 ## - Індекс Універсальної десяткової класифікації
Індекс Універсальної десяткової класифікації (УДК) (НП) 821.161.1(72)
090 ## - Локальний шифр розміщення
Класифікаційний індекс УДК 821.161.1(72)
Авторський знак (НП) К 88
100 ## - Основне введення – ім’я особи
Ім’я особи (НП) Куатьэ А.
245 ## - Відомості про назву
Назва (НП) Дневник сумасшедшего. Четвертая скрижаль завета
Решта назви (НП) роман
Дані про відповідальність (НП) Анхель де Куатьэ
Номер частини/ розділу роботи (П) Кн. 5
260 ## - Публікація, розповсюдження і т.п. (Вихідні дані)
Ім’я/ наймення видавництва, розповсюджувача і т.п. (П) Нева
Дата публікації, розповсюдження і т.п. (П) 2004
Місце публікації, розповсюдження і т.п. (П) СПб.
300 ## - Фізичний опис
Обсяг 192 с.
520 ## - Резюме і т.п.
Резюме, реферат, анотація, тощо (НП) Книга Анхеля де Куатьэ "Дневник сумасшедшего" написана другим человеком. Это настоящий дневник настоящего сумасшедшего - юноши, носившего в себе четвертую Скрижаль Завета. Он болен шизофренией и хочет уничтожить мир. Об этом он сообщает с самого начала, на первой же странице своего дневника. Дальше мы становимся очевидцами разворачивающегося на наших глазах безумия... Но как получается, что эта исповедь постепенно становится опытом духовного причастия?.. Он искал правду, не понимая, где реальность, а где плод его воспаленного воображения. Он летел на пламя просто потому, что у него не было другого пути. И за его бредом оказывалось подчас куда больше здравого смысла и правды, чем в многочисленных "здравых рассуждениях" нынешних властителей дум. Как увидеть истину, если тебя предали, а твое сознание рассыпается осколками безумия? Нужно быть чистым сердцем. Ищете человека? Так от кого же вы бежите?..<br/>"Мы не даем себе шанса быть цельными. Мы раздвоены. Это потому, что мы не доверяем себе... Нам кажется, что у нас есть "темная половина" - недостойная, порочная, слабая, глупая. Каждый думает о ней по-своему, но все мы ее ненавидим. Мы ненавидим что-то в себе и скрываем его от других, а часто - и от самих себя".<br/>
650 ## - Додаткове предметне введення – тематичний термін
Джерело заголовка чи терміна UDC
Тематичний термін чи географічна назва, як елемент введення (НП) 821 Художня література окремими мовами і мовними сім'ями
942 ## - Додаткові елементи входу (Коха)
Тип елемента Koha Книги
Source of classification or shelving scheme Universal Decimal Classification
955 ## - Код типу видання за змістом
Код типу видання за змістом (НП) Літературно-художні видання
Фонди
Стан вилучень Стан втрат Джерело класифікації або схеми стелажів Стан уражень Не для кредиту Код колекції Постійне місце розташування Поточне розміщення Дата придбання Джерело придбання Вартість, звичайна ціна покупки Усього замовленно Повний номер виклику Штрих-код Дата останнього перегляду Вартість, ціна заміни Ціна ефективна від Тип елемента Koha
    Universal Decimal Classification     Колекція Жулинського М.Г. ЧЗ - Читальна зала ЧЗ - Читальна зала 18/08/2020 №13/24.06.20 25.00   821.161.1(72) К 88 162706 24/12/2021 25.00 18/08/2020 Книги